Responses for Show #7290 - Friday, April 29, 2016

Buzzy Cohen game 5.

Contestants

[<< previous game]

Tal Nadan, a reference archivist from the Bronx, New York

Sanjiv Sarwate, a trademark attorney from Round Rock, Texas

Buzzy Cohen, a music executive from Los Angeles, California (whose 4-day cash winnings total $78,601)

[next game >>]

Jeopardy! Round responses

19th CENTURY LITERATURE
BUSINESS
APRIL WORDS
(Alex: Each correct response will be a word that can be made from the letters in the word "April". So we're gonna have short words, obviously.)
WE TRY TO STAY NEUTRAL
BUT LET'S FACE IT
AMY POEHLER IS AWESOME
    $200 19
The Jungle Book

Sanjiv
    $200 26
ExxonMobil

Sanjiv
    $200 29
par

Buzzy
    $200 30
Taylor

Buzzy
    $200 6
Florence Nightingale

Buzzy
    $200 1
Parks and Rec

Buzzy
    $400 21
Journey to the Center of the Earth

Buzzy
    $400 25
Walmart

Buzzy
    $400 28
pail

Tal
    $400 27
North Korea & South Korea

Buzzy
    $400 7
Jesse James

Sanjiv
    $400 2
Inside Out

Sanjiv
    $2,000 22
(Buzzy: What is... Walden Pond? What is On Walden Pond?)
(Alex: Mm, nope. It's just called [*]. You added too much information, making it incorrect.)

Walden; or, Life in the Woods

Buzzy
    $600 11
Juan Valdez

Sanjiv
    $600 14
pi

Tal
    $600 17
Jack Dempsey

Sanjiv
    $600 8
Yuri Gagarin

Buzzy
    $600 3
Sisters

Tal
    $800 23
a cloud

Sanjiv
    $800 12
Sharp

Sanjiv
    $800 15
(Sanjiv: Uh, what is...)
(Alex: It's not coming to you?)

lair

BuzzySanjiv
    $800 18
arbitration

Buzzy
    $800 9
(Buzzy: Who is Taft?)

Grover Cleveland

BuzzySanjiv
    $800 4
Snow White

Buzzy
    $1000 24
(Alex: You are right, with less than a minute to deal with the last six clues.)

Henry James

Sanjiv
    $1000 13
(Buzzy: What is John Deere?)

Toro

BuzzyTal
    $1000 16
air

Sanjiv
    $1000 20
7

Buzzy
    $1000 10
(Manuel) Noriega

Sanjiv
    $1000 5
Blades of Glory

Buzzy

Scores at the first commercial break (after clue 15):

Buzzy Sanjiv Tal
$1,800 $3,200 $2,200

Scores at the end of the Jeopardy! Round:

Buzzy Sanjiv Tal
$3,200 $7,000 $2,600

Double Jeopardy! Round responses

ART HISTORY
MOUNTAIN SONGS OF OLD
ORGAN-IZATIONS
"C" THE WORLD
(Alex: Each correct response will begin with that letter.)
THE MIDDLE AGES
OUT OF THEIR HEADS!
(Alex: And your correct response will not include the word "head". Not.)
    $400 23
(Buzzy: What are the Buffalo?)
...
(Alex: Less than a minute now.)

the Bulls

Buzzy
Triple Stumper
    $400 2
The Supremes

Buzzy
    $400 13
secondhand smoke

Buzzy
    $400 16
Cape Town

Buzzy
    $400 29
[The end-of-round signal sounds.]

the Crusades

Tal
    $400 28
a line

Tal
    $800 22
Venus

Tal
    $800 3
"She'll Be Coming 'Round The Mountain"

Sanjiv
    $800 14
your brain

Tal
    $800 1
Champlain

Buzzy
    $800 27
a set

Sanjiv
    $1200 19
Liberty

Buzzy
    $1200 6
country roads

Buzzy
    $1200 15
the liver

Tal
    $1200 4
Calgary

Tal
    $1200 10
the Holy Roman Emperor

Buzzy
    $1200 24
a mistress

Sanjiv
    $1600 20
Pointillism

Buzzy
    $1600 7
Marvin Gaye

Buzzy
    $2,000 17
(Buzzy: What is... the American Red Cross?)

the American Heart Association

Buzzy
    $1600 5
Corsica

Buzzy
    $1600 11
the Poor Clares

Triple Stumper
    $1600 25
hunter

Buzzy
    $2000 21
(Diego) Velázquez

Tal
    $2000 8
Sugar Mountain

Triple Stumper
    $2000 18
(Sanjiv: What are retinas?)

corneas

SanjivTal
    $2,000 9
(Buzzy: [Exhales] What is... the Shetland pony?)

the Clyde

Buzzy
    $2000 12
(Sanjiv: What is Moscow?)

Kiev

Sanjiv
Triple Stumper
    $2000 26
a banger

Buzzy

Scores at the end of the Double Jeopardy! Round:

Buzzy Sanjiv Tal
$12,800 $5,800 $11,400

[wagering suggestions for these scores]

Final Jeopardy! Round responses

LITERARY CHARACTERS
(Alex: And, Buzzy, you get to relax for three weeks, because next week, we're back in school with the Teachers Tournament, and that will be followed by our Power Players Week in Washington, D.C. Have a good weekend, everyone. See you Monday.)
SanjivWho is Peter Pan?
$5,601
TalWho is Orphan Annie Madeline
$5,000
BuzzyWho is Peter Pan?
$10,001
Peter Pan

Final scores:

Buzzy Sanjiv Tal
$22,801 $11,401 $6,400
5-day champion: $101,402 2nd place: $2,000 3rd place: $1,000

Game dynamics:

Coryat scores:

Buzzy Sanjiv Tal
$18,800 $5,800 $11,400
25 R,
6 W
(including 3 DDs)
15 R,
3 W
12 R,
0 W

Combined Coryat: $36,000

[game clues] [game scores] [suggest correction]

Game tape date: 2016-03-07
The J! Archive is created by fans, for fans. Scraping, republication, monetization, and malicious use prohibited; this site may use cookies and collect identifying information. See terms. The Jeopardy! game show and all elements thereof, including but not limited to copyright and trademark thereto, are the property of Jeopardy Productions, Inc. and are protected under law. This website is not affiliated with, sponsored by, or operated by Jeopardy Productions, Inc. Join the discussion at JBoard.tv.